Climate vulnerability understanding and addressing threats to essential resources ; volume 4 : (Record no. 171971)

MARC details
000 -LEADER
fixed length control field 01143nam a22002777a 4500
003 - CONTROL NUMBER IDENTIFIER
control field OSt
005 - DATE AND TIME OF LATEST TRANSACTION
control field 20250604134445.0
008 - FIXED-LENGTH DATA ELEMENTS--GENERAL INFORMATION
fixed length control field 250604b |||||||| |||| 00| 0 eng d
020 ## - INTERNATIONAL STANDARD BOOK NUMBER
International Standard Book Number 9780123918949 (hardcover)
040 ## - CATALOGING SOURCE
Original cataloging agency NUST
Language of cataloging eng
Transcribing agency NUST
Modifying agency NUST
Description conventions rda
050 ## - LIBRARY OF CONGRESS CALL NUMBER
Classification number QC903 CLI
245 ## - TITLE STATEMENT
Title Climate vulnerability understanding and addressing threats to essential resources ; volume 4 :
Remainder of title Vulnerability off ecosystems to climate /
Statement of responsibility, etc. Edited by Roger A. Piekle with volume editors Timothy R. Seastedt and Katharine Suding.
260 ## - PUBLICATION, DISTRIBUTION, ETC.
Place of publication, distribution, etc. Amsterdam :
Name of publisher, distributor, etc. Elsevier,
Date of publication, distribution, etc. 2013.
300 ## - PHYSICAL DESCRIPTION
Extent xxxvii, 355 pages :
Other physical details Illustrations ;
Dimensions 28 cm.
336 ## - CONTENT TYPE
Source rdamedia
Content type term text
Content type code txt
337 ## - MEDIA TYPE
Source rdamedia
Media type term unmediated
Media type code n
338 ## - CARRIER TYPE
Source rdamedia
Carrier type term volume
Carrier type code nc
504 ## - BIBLIOGRAPHY, ETC. NOTE
Bibliography, etc. note Includes bibliographical references and index.
650 ## - SUBJECT ADDED ENTRY--TOPICAL TERM
Form subdivision Global warming & climate change.
650 ## - SUBJECT ADDED ENTRY--TOPICAL TERM
Form subdivision Environmental science.
650 ## - SUBJECT ADDED ENTRY--TOPICAL TERM
Form subdivision Science Physics Physics Meteorology. Climatology.
700 ## - ADDED ENTRY--PERSONAL NAME
Personal name Pielke, Roger A
Relator term Editor
700 ## - ADDED ENTRY--PERSONAL NAME
Personal name Seastedt, Timothy R
Relator term Editor
700 ## - ADDED ENTRY--PERSONAL NAME
Personal name Suding, Katharine
Relator term Editor
942 ## - ADDED ENTRY ELEMENTS (KOHA)
Source of classification or shelving scheme Library of Congress Classification
Koha item type Ordinary Loan Books
Classification part QC903 CLI
Call number prefix QC
Call number suffix CLI
Suppress in OPAC No
Holdings
Withdrawn status Lost status Source of classification or shelving scheme Damaged status Not for loan Collection Home library Current library Shelving location Date acquired Source of acquisition Cost, normal purchase price Total Checkouts Full call number Barcode Date last seen Accession number Cost, replacement price Price effective from Koha item type Public note
    LCC     NFIC MAIN MAIN GEN 06/04/2025 Book Aid International 95.00   QC903 CLI 92004056068 06/04/2025 62805 95.00 06/04/2025 BOOKS Donation